000 01208nam a2200325 a 4500
001 000043442
003 DO-SdBPM
005 20250828124915.0
007 ta
008 140318s2011 dr ac 000 p spa d
020 _a9789945004922
040 _aDO-SdBPM
_bspa
_cBPMSU
_drda
082 4 _aRD861.08
_bC569u 2011
_222
245 0 0 _a101 niños poetas de San Cristóbal /
_ccompilador Ramón Aníbal Mesa ; ilustración Domingo Guzmán
246 1 0 _aCiento un niños poetas de San Cristóbal
264 _aSan Cristóbal, República Dominicana :
_bFundación Literaria Aníbal Montaño,
_c2011.
300 _a183 págianas :
_bilustraciones, retrato. ;
_c23 cm.
336 _atexto
_btxt
_2rdacontent
337 _asin mediación
_bn
_2rdamedia
338 _avolumen
_bnc
_2rdacarrier
590 _aInventariado, 2025/ VM
650 7 _aPoesía infantil dominicana
_xColecciones
650 7 _aPoetas dominicanos
650 7 _aLiteratura infantl dominicana
_xColecciones
650 7 _aPoesía
_zSan Cristóbal (República Dominicana)
700 1 _aMesa, Ramón Aníbal,
_eCompilador
700 1 _aGuzmán, Domingo
_e ilustración
910 _aVMateo V. Control de calidad BPMSU
942 _2ddc
_cBK
999 _c15357
_d15357